History of the British Empire

-д хадгалсан:
Номзүйн дэлгэрэнгүй
Үндсэн зохиолч: Collier, William Francis (Зохиогч)
Формат: Ном
Хэл сонгох:англи
Хэвлэсэн: Londres T. Nelson and sons, Paternoster row 1868
Хэвлэл:1a. ed
Цуврал:Nelson's School Series
Нөхцлүүд:
Шошгууд: Шошго нэмэх
Шошго байхгүй, Энэхүү баримтыг шошголох эхний хүн болох!

MARC

LEADER 00000nam a2200000 a 4500
001 UCJ6889
003 CL-VaPUC
008 070124e18680000UK |||||||||||||||||eng|d
082 0 4 |a 942  |b COL  |2 21 
100 0 |a Collier, William Francis  |e author  |9 514397 
245 1 0 |a History of the British Empire 
250 |a 1a. ed 
300 |a vii, 344 p 
942 |c BK 
945 |d 20070124 00:00:00  |a rinostro 
260 |a Londres  |b T. Nelson and sons, Paternoster row  |c 1868 
500 |a Nota manuscrita indica que este libro perteneció a Don Eduardo cuando, en 1877, fue alumno del Instituto Nacional.- Sello de la librería de Thomas Purves, sucesores de la casa Robert Struthers, en Valparaíso 
600 0 7 |a BUDGE BARNARD, EDUARDO B  |2 CL-VaPUC  |9 505135 
600 0 7 |a BUDGE, ROBERT F  |2 CL-VaPUC  |9 504220 
650 7 |a COLONIALISMO INGLES  |2 CL-VaPUC  |9 507148 
650 0 |a Genealogía  |9 255285 
650 7 |a MONARCAS INGLESES  |2 CL-VaPUC  |9 506933 
650 0 |a Cronología   |9 268356 
650 0 |a Papas  |9 258738 
650 7 |a EX LIBRIS  |2 CL-VaPUC  |9 505186 
650 7 |a LIBRERIAS  |2 CL-VaPUC  |9 393756 
651 0 |a Inglaterra  |9 255158 
651 7 |a ESCOCIA  |2 CL-VaPUC  |9 332669 
651 0 |a Irlanda  |9 324541 
651 0 |a Valparaíso, Chile  |9 261144 
583 |a last modification  |c 20070124 00:00:00  |k Rodrigo Vera 
490 0 |a Nelson's School Series 
999 |c 322991  |d 322989 
952 |0 0  |1 0  |4 0  |6 942_000000000000000_COL_1868  |7 0  |8 X  |9 402196  |a FDOBUD  |b FDOBUD  |d 2019-11-22  |i 1054554  |o 942 COL 1868  |p 1054554  |r 2019-11-22  |w 2019-11-22  |y BK_X  |k BUD